Statistics for Logic songs

Click here to take the quiz!

General Stats

  • This quiz has been taken 2 times
  • The average score is 100 of 251

Answer Stats

HintAnswer% Correct
Young Sinatra: Welcome to ForeverBallin
100%
Confessions of a Dangerous MindBOBBY
100%
Confessions of a Dangerous MindDon't Be Afraid To Be Different
100%
Confessions of a Dangerous MindHomicide
100%
Confessions of a Dangerous MindIcy
100%
Vinyl DaysI guess I love it
100%
Under PressureIntro
100%
Confessions of a Dangerous MindKeanu Reeves
100%
College ParkSelf Medication
100%
EverybodyTake It Back
100%
Vinyl DaysVinyl Days
100%
YSIVWu Tang Forever
100%
YSIV100 Miles and Running
50%
Everybody1-800-273-8255
50%
Young Sinatra30,000
50%
College Park38.9897 °N, 76.9378 °W
50%
Bobby Tarantino44 Bars
50%
Bobby Tarantino II44 More
50%
Young Sinatra: Welcome to Forever5AM
50%
No Pressure5 Hooks
50%
No PressureA2Z
50%
EverybodyAfricAryaN
50%
Young SinatraAll I Do
50%
Under PressureAlright
50%
No PressureAmen
50%
EverybodyAmerica
50%
EverybodyAnziety
50%
Young SinatraAs I Am
50%
College ParkAyo
50%
SupermarketBaby
50%
SupermarketBest Friend
50%
EverybodyBlack SpiderMan
50%
Vinyl DaysBLACKWHITEBOY
50%
Vinyl DaysBleed It
50%
SupermarketBohemian Trapsody
50%
Bobby Tarantino IIBoomTrap Protocol
50%
Under PressureBounce
50%
Under PressureBuried Alive
50%
SupermarketBy the Bridge
50%
Bobby Tarantino IIICall Me
50%
SupermarketCan I Kick It
50%
Vinyl DaysCarnival
50%
No PressureCelebration
50%
The Incredible True StoryCity of Stars
50%
Confessions of a Dangerous Mindclickbait
50%
College ParkClone Wars III
50%
Confessions of a Dangerous MindCocaine
50%
College ParkCome On Down
50%
Confessions of a Dangerous MindCOMMANDO
50%
Young Sinatra: Welcome to ForeverCommon Logic / Midnight Marauder
50%
EverybodyConfess
50%
Confessions of a Dangerous MindConfessions of a Dangerous Mind
50%
The Incredible True StoryContact
50%
Bobby Tarantino IIContra
50%
College ParkCruisin' Through the Universe
50%
Vinyl DaysDanger
50%
No PressureDark Place
50%
Young Sinatra: UndeniableDead Presidents III
50%
Young Sinatra: UndeniableDear God
50%
Vinyl DaysDecades
50%
Bobby TarantinoDeeper Than Money
50%
SupermarketDeLorean
50%
Under PressureDriving Ms Daisy
50%
EverybodyEverybody
50%
YSIVEverybody Dies
50%
Bobby Tarantino IIEveryday
50%
The Incredible True StoryFade Away
50%
Bobby Tarantino IIIFlawless
50%
Bobby TarantinoFlexicution
50%
Under PressureGang Related
50%
Bobby Tarantino IIIGet Up
50%
No PressureGP4
50%
Bobby Tarantino IIGrandpa's Space Ship
50%
Young SinatraGrowing Pains II
50%
Under PressureGrowing Pains III
50%
EverybodyHallelujah
50%
No PressureHeard Em Say
50%
No PressureHit My Line
50%
The Incredible True StoryI Am The Greatest
50%
YSIVICONIC
50%
Bobby TarantinoIlluminatro
50%
SupermarketI Love You Forever
50%
Under PressureI'm Gone
50%
SupermarketI'm Probably Gonna Rock Your World
50%
Bobby Tarantino IIIndica Badu
50%
EverybodyInk Blot
50%
Vinyl DaysIn my lifetime
50%
The Incredible True StoryInnermission
50%
Bobby Tarantino IIIInside
50%
College ParkInsipio
50%
Bobby Tarantino IIIintroll
50%
Vinyl DaysKickstyle
50%
EverybodyKilling Spree
50%
Vinyl DaysLaDonda
50%
YSIVLast Call
50%
YSIVLegacy
50%
SupermarketLemon Drop
50%
Vinyl DaysLena's Insight
50%
College ParkLightsabers
50%
College ParkLightyear
50%
The Incredible True StoryLike Woah
50%
Confessions of a Dangerous MindLimitless
50%
The Incredible True StoryLord Willin'
50%
Confessions of a Dangerous MindLost in Translation
50%
Confessions of a Dangerous MindMama / Show Love
50%
No Pressureman i is
50%
Young Sinatra: Welcome to ForeverMan of the Year
50%
Under PressureMetropolis
50%
Bobby Tarantino IIMidnight
50%
Young SinatraMind Of Logic
50%
EverybodyMos Definitely
50%
Bobby Tarantino IIIMy Way
50%
Vinyl DaysNardwuar
50%
Vinyl DaysNeedleDrop
50%
The Incredible True StoryNever Been
50%
Under PressureNever Enough
50%
Under PressureNikki
50%
No PressureNo Pressure
50%
Under PressureNow
50%
Young Sinatra: UndeniableNumbers
50%
No PressureObediently Yours
50%
Young SinatraOne
50%
YSIVOne Day
50%
No PressureOpen Mic\\Aquarius III
50%
YSIVOrdinary Day
50%
Vinyl DaysOrville
50%
Confessions of a Dangerous MindOut of Sight
50%
Bobby Tarantino IIOvernight
50%
The Incredible True StoryParadise
50%
College ParkParadise II
50%
Confessions of a Dangerous MindPardon My Ego
50%
No PressurePerfect
50%
Vinyl DaysPorta one
50%
SupermarketPretty Young Girl
50%
Vinyl DaysQuasi
50%
College ParkRedpill VII
50%
Young Sinatra: UndeniableRelaxation
50%
The Incredible True StoryRun It
50%
Vinyl DaysSayonara
50%
Bobby Tarantino IIISee You Space Cowboy...
50%
College ParkShimmy
50%
Young SinatraShine On
50%
Bobby TarantinoSlave II
50%
Under PressureSoul Food
50%
No PressureSoul Food II
50%
The Incredible True StoryStainless
50%
Bobby Tarantino IIState of Emergency
50%
Confessions of a Dangerous MindStill Ballin
50%
YSIVStreet Dreams II
50%
Bobby Tarantino IIIStupid Skit
50%
Bobby TarantinoSuper Mario World
50%
SupermarketSupermarket
50%
Vinyl DaysTen Years
50%
Vinyl DaysTetris
50%
YSIVThank You
50%
YSIVThe Adventures of Stoney Bob
50%
The Incredible True StoryThe Cube (Scene)
50%
YSIVThe Glorious Five
50%
The Incredible True StoryThe Incredible True Story
50%
Bobby TarantinoThe Jam
50%
Bobby Tarantino IIITheme for the People
50%
Vinyl DaysTherapy Music
50%
YSIVThe Return
50%
Young Sinatra: UndeniableThe Spotlight
50%
Young Sinatra: UndeniableTic Tac Toe
50%
Under PressureTill the End
50%
SupermarketTime Machine
50%
Under PressureUnder Pressure
50%
Bobby Tarantino IIIuntitled
50%
The Incredible True StoryUpgrade
50%
SupermarketVacation from Myself
50%
Bobby Tarantino IIIVaccine
50%
College ParkVillage Slum
50%
EverybodyWaiting Room
50%
College ParkWake Up
50%
Confessions of a Dangerous MindWannabe
50%
Bobby Tarantino IIWarm It Up
50%
Bobby Tarantino IIWassup
50%
Young Sinatra: UndeniableWe Get High
50%
The Incredible True StoryWhite People (Scene)
50%
Bobby Tarantino IIWizard Of Oz
50%
Bobby TarantinoWrist
50%
Young Sinatra: Welcome to ForeverYoung Jedi
50%
The Incredible True StoryYoung Jesus
50%
Young SinatraYoung Sinatra II
50%
Young Sinatra: UndeniableYoung Sinatra III
50%
YSIVYSIV
50%
Bobby Tarantino IIYuck
50%
Young Sinatra: Undeniable500 Days of Summer
0%
Young Sinatra: Welcome to Forever925
0%
Vinyl DaysAaron Judge
0%
Young SinatraAddiction
0%
Young Sinatra: UndeniableAll Sinatra Everything
0%
Young SinatraAre You Ready
0%
Bobby TarantinoA Word from Our Sponsor
0%
Young Sinatra: UndeniableAye Girl
0%
The Incredible True StoryBabel (Scene)
0%
Young SinatraBeggin
0%
Young Sinatra: Welcome to ForeverBreak It Down
0%
Vinyl DaysBreath Control
0%
Young SinatraChampagne Thoughts (Interlude)
0%
Vinyl DaysClouds
0%
No PressureDadBob
0%
Young Sinatra: UndeniableDisgusting
0%
Young Sinatra: UndeniableDo Ya Like
0%
Vinyl DaysEarlyBird
0%
Young Sinatra: Welcome to ForeverFeel Good
0%
College ParkGaithersburg Freestyle
0%
Bobby Tarantino IIIGod Might Judge
0%
College ParkHighlife
0%
Young SinatraHighs & Lows
0%
Young Sinatra: UndeniableI Made It
0%
Young Sinatra: UndeniableInception
0%
Vinyl DaysIntroducing Nezi
0%
Vinyl DaysJJ Abrahams
0%
Young SinatraJuice
0%
Young Sinatra: Welcome to ForeverJust a Man
0%
Young SinatraJust Another Day (In My Mind)
0%
Young SinatraLet Me Go
0%
Young Sinatra: Welcome to ForeverLife Is Good
0%
Young Sinatra: UndeniableLife of a Don
0%
Young SinatraLive On The Air
0%
The Incredible True StoryLucidity (Scene)
0%
Vinyl DaysMichael Rap
0%
Young SinatraMixed Feelings
0%
Young Sinatra: Welcome to ForeverNasty
0%
Vinyl DaysNEMS
0%
Young Sinatra: UndeniableNo Biggie
0%
Young Sinatra: Welcome to ForeverOn the Low
0%
College ParkPlaywright
0%
Young SinatraPrime
0%
Young Sinatra: Welcome to ForeverRandolph Returns (Skit)
0%
Vinyl DaysRogue One
0%
Young Sinatra: Welcome to ForeverRoll Call
0%
Bobby TarantinoSalve
0%
Young Sinatra: Welcome to ForeverSaturday (Skit)
0%
Young SinatraSell Out Records (skit)
0%
Young Sinatra: UndeniableSet the Tone
0%
Young SinatraStewie Griffin
0%
Bobby TarantinoStudio Ambience at Night: Malibu
0%
Young SinatraTake It Slow
0%
Young Sinatra: Welcome to ForeverThe Come Up
0%
Young Sinatra: Welcome to ForeverThe End
0%
Young Sinatra: Welcome to ForeverThe High Life
0%
Young Sinatra: UndeniableThirstMail (Skit)
0%
Vinyl DaysTony Revolori
0%
Young Sinatra: UndeniableUsed to Hate It
0%
Young Sinatra: Welcome to ForeverWalk on By
0%
Young Sinatra: Welcome to ForeverWelcome to Forever
0%
Young Sinatra: UndeniableWhat You Want
0%
Young Sinatra: UndeniableWorld Wide
0%

Score Distribution

Percentile by Number Answered

Percent of People with Each Score

Your Score History

You have not taken this quiz